NCAA D1 Schools, Cities, and Nicknames - Statistics

General Stats
  • This quiz has been taken 871 times
  • The average score is 485 of 1056
Answer Stats
State Answer % Correct
AL Alabama
92%
AZ Arizona
82%
AR Arkansas
82%
AL Auburn
82%
AL | CA | LA | +7 others Tigers
81%
AZ Arizona State
80%
DC George Washington
79%
DC | WA Washington
78%
AL | CA | CT | +9 others Bulldogs
77%
FL Florida
77%
CA UCLA
77%
CO Colorado
76%
IN Indiana
76%
MS Jackson
76%
FL | OH Miami
76%
CA Saint Mary's
76%
AR | CO | GA | +4 others Bears
75%
AL Crimson Tide
75%
GA Georgia
75%
IA Iowa
75%
CA USC
75%
HI Hawaiʻi
74%
IL Illinois
74%
KS Kansas
74%
OH Kent
74%
CA San Diego
74%
NY Buffalo
73%
FL Florida State
73%
IA Iowa State
73%
AZ | FL | IL | +7 others Wildcats
73%
ID Boise
72%
GA Georgia Tech
72%
MA Crimson
71%
DE Delaware
71%
ID Idaho
71%
AL | FL Jacksonville
71%
MI Michigan
71%
MA Boston
70%
IL Chicago
70%
MA Harvard
70%
KS Kansas State
70%
KY Kentucky
70%
MD Maryland
70%
MN Minnesota
70%
AZ | NC | WI Phoenix
70%
CA California
69%
CA Cardinal
69%
MO | NY | SC Columbia
69%
CA Los Angeles
69%
LA LSU
69%
MO Missouri
69%
OR Oregon
69%
LA Southern
69%
CT UConn
69%
CO Air Force
68%
NC Duke
68%
CT | IL | MA | +2 others Huskies
68%
KY Louisville
68%
MI Michigan State
68%
MT Montana
68%
NC North Carolina
68%
OH Ohio
68%
OK Oklahoma
68%
PA Penn
68%
CA San Francisco
68%
CT Yale
68%
ID Boise State
67%
CO Denver
67%
AR Little Rock
67%
TX Texas
67%
AL | AR | CA Trojans
67%
AL Tuscaloosa
67%
AL Birmingham
66%
CO Colorado State
66%
DC | FL | GA | +7 others Eagles
66%
LA Louisiana
66%
ME Maine
66%
MS Mississippi State
66%
IL Northwestern
66%
OR Oregon State
66%
SC South Carolina
66%
CA | MI | NC | +2 others Spartans
66%
CA Stanford
66%
UT Utah
66%
GA Georgia State
65%
HI Honolulu
65%
TX Houston
65%
NM New Mexico
65%
ND North Dakota
65%
IN Notre Dame
65%
OH Ohio State
65%
OK Oklahoma State
65%
IN Purdue
65%
CA San Diego State
65%
TN Tennessee
65%
MA UMass
65%
VA Virginia
65%
WV West Virginia
65%
WY Wyoming
65%
AR Arkansas State
64%
GA Atlanta
64%
RI Brown
64%
UT BYU
64%
OH Cincinnati
64%
IN Indiana State
64%
NC NC State
64%
NE Nebraska
64%
NV Nevada
64%
LA New Orleans
64%
OR Portland
64%
NJ Princeton
64%
NJ Rutgers
64%
AZ Tucson
64%
OK Tulsa
64%
WI Wisconsin
64%
AL Alabama State
63%
MA Boston College
63%
CA | TN Bruins
63%
NC Charlotte
63%
DC Georgetown
63%
AL | CA | LA | NY Lions
63%
MT Montana State
63%
MS Ole Miss
63%
PA Penn State
63%
AR Razorbacks
63%
SD South Dakota
63%
NV UNLV
63%
WA Washington State
63%
LA | OK | WY Cowboys
62%
FL Gators
62%
VA James Madison
62%
MD Navy
62%
NH New Hampshire
62%
NM New Mexico State
62%
FL | GA | IA | +5 others Panthers
62%
PA Pittsburgh
62%
RI Providence
62%
RI Rhode Island
62%
MO Saint Louis
62%
CA San Jose
62%
TX Stephen F. Austin
62%
VA Virginia Tech
62%
MI | UT Wolverines
62%
TX Austin
61%
CO Boulder
61%
IN | KY | TX Cardinals
61%
OH Columbus
61%
IL | SC | TX | +2 others Cougars
61%
CA Fresno
61%
TN Memphis
61%
TN Nashville
61%
NE Omaha
61%
CA Sacramento
61%
WA Seattle
61%
FL Tampa
61%
TX Texas A&M
61%
UT Utah State
61%
VT Vermont
61%
SD South Dakota State
60%
NY Syracuse
60%
FL Tallahassee
60%
AL UAB
60%
MI Ann Arbor
59%
NY Army
59%
GA | OH Athens
59%
CT | NC Blue Devils
59%
IL | SC Charleston
59%
SC Clemson
59%
DE Delaware State
59%
MI Detroit
59%
AZ Grand Canyon
59%
FL Hurricanes
59%
ID Idaho State
59%
MN Minneapolis
59%
PA Philadelphia
59%
UT Salt Lake City
59%
AZ Sun Devils
59%
TX Texas Tech
59%
TX UTEP
59%
KS Wichita
59%
OH Akron
58%
AL Alabama A&M
58%
OH Cleveland
58%
NH Dartmouth
58%
AL | SC Gamecocks
58%
MD | NC | WV Mountaineers
58%
NY New York
58%
FL | GA | PA | TX Owls
58%
CO | NY | RI | VA Rams
58%
FL South Florida
58%
LA Tulane
58%
TN Vanderbilt
58%
CA | NC | NM | +2 others Aggies
57%
LA Baton Rouge
57%
CA | ID | MI Broncos
57%
OH Buckeyes
57%
OH Dayton
57%
OR Ducks
57%
MI Eastern Michigan
57%
IA Hawkeyes
57%
KS Jayhawks
57%
FL | NJ Knights
57%
NE Lincoln
57%
MD Loyola
57%
ND North Dakota State
57%
FL Orlando
57%
NV Reno
57%
KY | VA Richmond
57%
FL UCF
57%
MI Western Michigan
57%
NM Albuquerque
56%
DC American
56%
CA Berkeley
56%
IA Des Moines
56%
IN Hoosiers
56%
IN Indianapolis
56%
NC Raleigh
56%
TX San Antonio
56%
FL Seminoles
56%
AL South Alabama
56%
AZ Tempe
56%
OH Toledo
56%
AL Troy
56%
NC Wake Forest
56%
KY Western Kentucky
56%
MI Central Michigan
55%
NE Cornhuskers
55%
IA Cyclones
55%
CO | OH Falcons
55%
AR Fayetteville
55%
FL Florida Atlantic
55%
CT Hartford
55%
WI Madison
55%
WI Milwaukee
55%
IL Northern Illinois
55%
NY Orange
55%
IL Southern Illinois
55%
GA Yellow Jackets
55%
NY Albany
54%
WI Badgers
54%
DC | ND | PA Bison
54%
FL | NY Bulls
54%
TX El Paso
54%
FL Gainesville
54%
IL Illinois State
54%
AL Jacksonville State
54%
LA | PA Lafayette
54%
KY | VA Lexington
54%
MO Missouri State
54%
AZ Northern Arizona
54%
HI Rainbow Warriors
54%
OK Sooners
54%
NC Tar Heels
54%
TX TCU
54%
TX Baylor
53%
IN Boilermakers
53%
CO Colorado Springs
53%
NC | NH Durham
53%
OR Eugene
53%
IN Fighting Irish
53%
MO Kansas City
53%
KS | NY Manhattan
53%
PA Temple
53%
MD Terrapins
53%
TN Volunteers
53%
TX Bearkats
52%
CT | MT | OH | TX Bobcats
52%
KY | OH Bowling Green
52%
GA Georgia Southern
52%
MN Golden Gophers
52%
WA Gonzaga
52%
AL Mobile
52%
UT Provo
52%
MS | NV Rebels
52%
KS Wichita State
52%
NY | OH Bearcats
51%
OR Beavers
51%
MA Boston University
51%
NY Cornell
51%
NE Creighton
51%
KY Eastern Kentucky
51%
CA Fresno State
51%
CA Golden Bears
51%
CA Irvine
51%
TN Knoxville
51%
TX Longhorns
51%
MI Oakland
51%
CA San Jose State
51%
CA Santa Barbara
51%
MD Baltimore
50%
CO Buffaloes
50%
NC Chapel Hill
50%
DE Dover
50%
IL Fighting Illini
50%
CT | MD | NJ | PA Hawks
50%
IA Iowa City
50%
LA Louisiana Tech
50%
NC | NJ | VA Pirates
50%
TX Rice
50%
NC Wilmington
50%
NC Wolfpack
50%
NV Wolf Pack
50%
VA Cavaliers
49%
IA Drake
49%
ND Fargo
49%
TX Fort Worth
49%
WI Green Bay
49%
OH Kent State
49%
WV Marshall
49%
DE | NJ Newark
49%
CT New Haven
49%
MS Southern Miss
49%
TX Texas State
49%
NC Winston-Salem
49%
MD Annapolis
48%
CA Aztecs
48%
CA Davis
48%
AZ Flagstaff
48%
AL | CA | DE Hornets
48%
WI Marquette
48%
PA Nittany Lions
48%
IA Northern Iowa
48%
CA Sacramento State
48%
SC South Carolina State
48%
CA Cal State Fullerton
47%
TX College Station
47%
NC East Carolina
47%
VA George Mason
47%
MS Jackson State
47%
AL North Alabama
47%
OR Portland State
47%
NC UNC Greensboro
47%
IA Ames
46%
NC Appalachian State
46%
IN Ball State
46%
IN Bloomington
46%
IL Eastern Illinois
46%
FL FIU
46%
FL Florida A&M
46%
IN Fort Wayne
46%
MT Grizzlies
46%
AL | IN | LA Jaguars
46%
CA Long Beach
46%
CA | TX Mustangs
46%
MO Springfield
46%
PA Villanova
46%
CA Bakersfield
45%
MD College Park
45%
MS | OK | TN | WI Golden Eagles
45%
NC Greensboro
45%
LA Green Wave
45%
DC Hoyas
45%
NM Lobos
45%
AL Montgomery
45%
OK Norman
45%
KY Northern Kentucky
45%
TX North Texas
45%
CA Pepperdine
45%
CA Riverside
45%
TX SMU
45%
WA Spokane
45%
CA UC Davis
45%
CA UC Irvine
45%
UT Utes
45%
TX UTSA
45%
IL Western Illinois
45%
OH Xavier
45%
MA Cambridge
44%
TN Chattanooga
44%
OH Cleveland State
44%
SC Coastal Carolina
44%
VA Hokies
44%
DC Howard
44%
GA Kennesaw
44%
KS Lawrence
44%
VA Liberty
44%
MA Northeastern
44%
MS | OH Oxford
44%
NJ Scarlet Knights
44%
TN Tennessee State
44%
MD UMBC
44%
NE Bluejays
43%
IN Butler
43%
TN Commodores
43%
NC Demon Deacons
43%
IN Evansville
43%
TX Lubbock
43%
MA Minutemen
43%
LA Monroe
43%
NY St. John's
43%
CA UC Santa Barbara
43%
TX Waco
43%
NC Asheville
42%
CA Cal Poly
42%
VA Charlottesville
42%
IL DePaul
42%
CO Fort Collins
42%
CA Fullerton
42%
LA Louisiana–Monroe
42%
MD Midshipmen
42%
VA Norfolk
42%
CO Northern Colorado
42%
CA | TX Roadrunners
42%
NJ Saint Peter's
42%
TX Arlington
41%
AL Blazers
41%
AR Central Arkansas
41%
MI East Lansing
41%
TX Horned Frogs
41%
GA Kennesaw State
41%
TN Middle Tennessee
41%
FL North Florida
41%
AR Pine Bluff
41%
MO | WA Redhawks
41%
OH RedHawks
41%
TX Red Raiders
41%
ID Vandals
41%
OH Zips
41%
NC 49ers
40%
KY Hilltoppers
40%
WV Morgantown
40%
VA William & Mary
40%
OH Youngstown
40%
MA Amherst
39%
AR Arkansas–Pine Bluff
39%
ME Black Bears
39%
NY Black Knights
39%
VA Blacksburg
39%
MT Bozeman
39%
VT Burlington
39%
CT Central Connecticut
39%
IL Chicago State
39%
LA Grambling
39%
CA Santa Clara
39%
TX Texas A&M–Corpus Christi
39%
VA VCU
39%
WA Eastern Washington
38%
IL Evanston
38%
SD Jackrabbits
38%
MI Kalamazoo
38%
WY Laramie
38%
TX Miners
38%
OK Oral Roberts
38%
VA Spiders
38%
PA State College
38%
WV Thundering Herd
38%
IL Urbana
38%
FL Coral Gables
37%
NC Elon
37%
RI Friars
37%
IN IUPUI
37%
CA Long Beach State
37%
CA Pacific
37%
PA Quakers
37%
OH Rockets
37%
UT Southern Utah
37%
SC The Citadel
37%
MD Towson
37%
CA UC Riverside
37%
MA UMass Lowell
37%
NC | VT Catamounts
36%
TX Corpus Christi
36%
MI Detroit Mercy
36%
PA Drexel
36%
PA Duquesne
36%
IL | VA Flames
36%
NY Fordham
36%
NC | SC Greenville
36%
MT Missoula
36%
NJ NJIT
36%
LA Ragin' Cajuns
36%
MI Rochester
36%
KS Shockers
36%
FL Stetson
36%
NY West Point
36%
TX Abilene
35%
OR Corvallis
35%
OH Flyers
35%
OK Golden Hurricane
35%
NM Las Cruces
35%
MA Lowell
35%
IL Loyola Chicago
35%
CA Loyola Marymount
35%
AZ | TX Lumberjacks
35%
GA Mercer
35%
VA Norfolk State
35%
PA Saint Joseph's
35%
NJ Seton Hall
35%
MA | NY | SC Terriers
35%
NC UNC Wilmington
35%
IN West Lafayette
35%
OH Youngstown State
35%
NY Binghamton
34%
FL Dolphins
34%
PA Dragons
34%
PA | VA Dukes
34%
PA Lehigh
34%
TX Mean Green
34%
ID Moscow
34%
KY Murray
34%
AL Samford
34%
OK Stillwater
34%
TN Tennessee Tech
34%
NC Western Carolina
34%
TN Belmont
33%
CT Fairfield
33%
MA Holy Cross
33%
VA Old Dominion
33%
AR Red Wolves
33%
TX Sam Houston State
33%
OH | OR Vikings
33%
IL Bradley
32%
MI Chippewas
32%
DC | PA Colonials
32%
NC Davidson
32%
FL FGCU
32%
OH Golden Flashes
32%
NC High Point
32%
NY Iona
32%
CA Northridge
32%
WA Pullman
32%
NY Queens
32%
NY | OH Raiders
32%
NC | NY Seahawks
32%
CT Storrs
32%
NC UNC Asheville
32%
MS Alcorn State
31%
NY Big Red
31%
NY Colgate
31%
CA | NY Gaels
31%
GA Macon
31%
LA McNeese
31%
KY Morehead
31%
KY Murray State
31%
NC North Carolina A&T
31%
IN Purdue Fort Wayne
31%
CT Quinnipiac
31%
IN Sycamores
31%
IL UIC
31%
UT Weber State
31%
FL Boca Raton
30%
NC Boone
30%
PA Bucknell
30%
TN East Tennessee State
30%
IL Edwardsville
30%
SC Furman
30%
VA Hampton
30%
MD Mount St. Mary's
30%
NY Niagara
30%
VA Patriots
30%
NY Sharks
30%
MO Southeast Missouri
30%
CA | MI Titans
30%
UT Utah Valley
30%
IN Valparaiso
30%
AZ Antelopes
29%
ID Bengals
29%
FL Bethune–Cookman
29%
NH Big Green
29%
SC Charleston Southern
29%
LA Grambling State
29%
MS Mississippi Valley State
29%
OH Musketeers
29%
NJ New Brunswick
29%
CO | CT Pioneers
29%
CT Sacred Heart
29%
PA Saint Francis
29%
NY Saints
29%
NY St. Bonaventure
29%
NY Stony Brook
29%
TX Texas Southern
29%
VA VMI
29%
SC Wofford
29%
TX Abilene Christian
28%
MO Billikens
28%
MS Hattiesburg
28%
NY Hofstra
28%
WV Huntington
28%
NY Ithaca
28%
NY LIU
28%
MD Maryland Eastern Shore
28%
NJ Monmouth
28%
KY Morehead State
28%
IL Peoria
28%
IL Redbirds
28%
NY Saint Bonaventure
28%
CA Anteaters
27%
TN Austin Peay
27%
RI Bryant
27%
NC Campbell
27%
SC Chanticleers
27%
MD Coppin State
27%
LA Northwestern State
27%
NJ Rider
27%
PA Robert Morris
27%
IL Salukis
27%
MA Worcester
27%
MI Ypsilanti
27%
TN Blue Raiders
26%
IL | MS Braves
26%
SC | TN Buccaneers
26%
CA Cal State Bakersfield
26%
CA Cal State Northridge
26%
SD Coyotes
26%
CA Dons
26%
NJ Fairleigh Dickinson
26%
CA Gauchos
26%
PA La Salle
26%
MD Morgan State
26%
IN Muncie
26%
FL Rattlers
26%
MD Retrievers
26%
OH Wright State
26%
IL Blue Demons
25%
CA Cal Baptist
25%
KY | LA Colonels
25%
AR | SC Conway
25%
MA Crusaders
25%
DE Fightin' Blue Hens
25%
TX Incarnate Word
25%
NJ Jersey City
25%
AR Jonesboro
25%
VA Lynchburg
25%
CA Malibu
25%
NY Marist
25%
TN Murfreesboro
25%
LA Nicholls
25%
NC North Carolina Central
25%
UT Ogden
25%
OH Penguins
25%
OR Pilots
25%
NY Red Storm
25%
NY Siena
25%
LA Warhawks
25%
NY Canisius
24%
TX Lamar
24%
PA Leopards
24%
TN Lipscomb
24%
KY Norse
24%
NV Paradise
24%
NJ Peacocks
24%
SC Presbyterian
24%
LA Southeastern Louisiana
24%
IN Terre Haute
24%
NY Wagner
24%
CA Waves
24%
MA Chestnut Hill
23%
TX Denton
23%
FL Fort Myers
23%
NC Gardner–Webb
23%
ND Grand Forks
23%
FL Hatters
23%
TX Houston Christian
23%
VA Monarchs
23%
ME Orono
23%
ID Pocatello
23%
TX Prairie View
23%
LA Privateers
23%
VA Radford
23%
IL SIU Edwardsville
23%
SC Spartanburg
23%
TX UT Arlington
23%
TN UT Martin
23%
NY Bonnies
22%
NY Brooklyn
22%
FL Daytona Beach
22%
NY Great Danes
22%
CA | NJ | VA Highlanders
22%
UT Logan
22%
NE | TX Mavericks
22%
CA San Luis Obispo
22%
CA Stockton
22%
IL Carbondale
21%
IL DeKalb
21%
MS Delta Devils
21%
LA Demons
21%
NH Hanover
21%
VA Longwood
21%
TN Martin
21%
FL Ospreys
21%
IN Purple Aces
21%
KY Racers
21%
MO Roos
21%
VA Williamsburg
21%
PA Explorers
20%
CO Greeley
20%
NY Jaspers
20%
SC Paladins
20%
TX Prairie View A&M
20%
CA Toreros
20%
SC Winthrop
20%
NC Fighting Camels
19%
AR Golden Lions
19%
TX Islanders
19%
CA | VA Lancers
19%
TN Mocs
19%
MI Mount Pleasant
19%
IL Ramblers
19%
GA Statesboro
19%
SC USC Upstate
19%
IA Cedar Falls
18%
VA Fairfax
18%
ND Fighting Hawks
18%
AL Florence
18%
MI Golden Grizzlies
18%
LA Lake Charles
18%
AL | IL Normal
18%
LA Ruston
18%
TX UTRGV
18%
TN Clarksville
17%
TN Governors
17%
MD Greyhounds
17%
VA Harrisonburg
17%
TN Johnson City
17%
IL Leathernecks
17%
CA Matadors
17%
NY Pride
17%
MA River Hawks
17%
TX San Marcos
17%
TN Bisons
16%
VA Keydets
16%
PA Mountain Hawks
16%
UT Orem
16%
NY Purple Eagles
16%
NY Seawolves
16%
CT Stags
16%
VA Tribe
16%
SD Vermillion
16%
CA Beach
15%
SC Blue Hose
15%
NJ Broncs
15%
NY Golden Griffins
15%
TN Skyhawks
15%
PA Bethlehem
14%
SD Brookings
14%
RI Kingston
14%
IN Mastodons
14%
NY Red Foxes
14%
TX Vaqueros
14%
SC North Charleston
13%
NY Poughkeepsie
13%
PA Red Flash
13%
SC Rock Hill
13%
NC Runnin' Bulldogs
13%
UT Thunderbirds
13%
IN Beacons
12%
MO Cape Girardeau
12%
FL DeLand
12%
TX Beaumont
11%
NC Buies Creek
11%
WA Cheney
11%
CA Moraga
11%
NY New Rochelle
11%
TX University Park
11%
UT Cedar City
10%
NY Hamilton
10%
LA Hammond
10%
MS Itta Bena
10%
IL Macomb
10%
TX Nacogdoches
10%
LA Natchitoches
10%
NC Boiling Springs
9%
NC Cullowhee
9%
TX Edinburg
9%
KY Highland Heights
9%
SC Orangeburg
9%
RI Smithfield
9%
PA Easton
8%
AL Homewood
8%
NY Lewiston
8%
MS Lorman
8%
PA Moon
8%
CT New Britain
8%
NJ South Orange
8%
LA Thibodaux
8%
MD Catonsville
7%
NY Hempstead
7%
SC Clinton
6%
TN Cookeville
6%
CT Hamden
6%
PA Lewisburg
6%
MD Princess Anne
6%
NY Vestal
6%
MD Emmitsburg
5%
VA Farmville
5%
PA Loretto
5%
NY St. Francis Brooklyn
5%
NJ West Long Branch
5%
NJ Hackensack
4%
NJ Lawrenceville
4%
PA Radnor
4%
NY Loudonville
3%
TX Huntsvile
2%
No matching quizzes found
Score Distribution
Percent of People with Each Score
Percentile by Number Answered
Your Score History
You have not taken this quiz